Elements of information theory / (Record no. 218120)
[ view plain ]
| 000 -LEADER | |
|---|---|
| fixed length control field | 01165 a2200217 4500 |
| 003 - CONTROL NUMBER IDENTIFIER | |
| control field | Nust |
| 005 - DATE AND TIME OF LATEST TRANSACTION | |
| control field | 20230816114753.0 |
| 035 ## - SYSTEM CONTROL NUMBER | |
| System control number | (BDSUSM)BDSUSMb12777578 |
| 040 ## - CATALOGING SOURCE | |
| Transcribing agency | Nust |
| 082 04 - DEWEY DECIMAL CLASSIFICATION NUMBER | |
| Classification number | 003.54,COV |
| 100 1# - MAIN ENTRY--PERSONAL NAME | |
| Personal name | Cover, Thomas M., |
| 9 (RLIN) | 735 |
| 245 10 - TITLE STATEMENT | |
| Title | Elements of information theory / |
| Statement of responsibility, etc. | Thomas M. Cover, Joy A. Thomas. |
| 250 ## - EDITION STATEMENT | |
| Edition statement | 2nd ed. |
| 260 ## - PUBLICATION, DISTRIBUTION, ETC. | |
| Place of publication, distribution, etc. | Hoboken, N.J. : |
| Name of publisher, distributor, etc. | Wiley-Interscience, |
| Date of publication, distribution, etc. | c2006. |
| 300 ## - PHYSICAL DESCRIPTION | |
| Extent | 748 p. |
| 500 ## - GENERAL NOTE | |
| General note | Previous ed.: 1991. |
| 505 ## - FORMATTED CONTENTS NOTE | |
| Formatted contents note | Introduction and Preview (Page-1), Entropy, Relative Entropy and Mutual Information (Page-13), Asymptotic Equaipartition Property (Page-57), Entropy Rates of a Stochastic Process (Page-71), Data Compression (Page-103), Gambling and Data Compression (Page-159), Channel Capacity (Page-183), Differential Entropy (Page-243), Gaussian Channel (Page-261), Maximum Entropy (Page-409), Universal Source Coding (Page-427), Kolmogorov Complexity(Page-463),, Network Information Theory (Page-509), Information Theory and The Stock Market (Page-613), Inequalities in Information Theory (Page-657), |
| 650 #0 - SUBJECT ADDED ENTRY--TOPICAL TERM | |
| Topical term or geographic name entry element | Information theory. |
| 9 (RLIN) | 3107 |
| 700 1# - ADDED ENTRY--PERSONAL NAME | |
| Personal name | Thomas, Joy A. |
| 9 (RLIN) | 94030 |
| 942 ## - ADDED ENTRY ELEMENTS (KOHA) | |
| Source of classification or shelving scheme | |
| Koha item type | Reference |
| Withdrawn status | Lost status | Source of classification or shelving scheme | Damaged status | Not for loan | Permanent Location | Current Location | Shelving location | Date acquired | Total Checkouts | Full call number | Barcode | Date last seen | Date last checked out | Price effective from | Koha item type | Public note |
|---|---|---|---|---|---|---|---|---|---|---|---|---|---|---|---|---|
| Military College of Signals (MCS) | Military College of Signals (MCS) | General Stacks | 12/12/2016 | 4 | 003.54,COV | MCS37425 | 07/15/2024 | 05/13/2024 | 12/12/2016 | Book | Almirah No.8, Shelf No.1 | |||||
| Military College of Signals (MCS) | Military College of Signals (MCS) | Reference | 12/12/2016 | 003.54,COV | MCS37426 | 12/08/2016 | 12/12/2016 | Reference | Almirah No.17, Shelf No.1 |
